| 000 | 00578nam a2200193Ia 4500 | ||
|---|---|---|---|
| 005 | 20250326140746.0 | ||
| 008 | 250326s9999 xx 000 0 und d | ||
| 020 | _a81-7366-202-9 | ||
| 037 | _aTextbook | ||
| 040 |
_aFMSL _beng _cFMSL |
||
| 041 |
_aeng _2eng |
||
| 084 |
_aD658(2:55) N9 _qFMSL |
||
| 100 |
_aTabini Marco _9743000 |
||
| 245 | 0 |
_aProfessional Site Server 3.0 Commerce Edition _cTabini Marco |
|
| 260 |
_aMumbai _bMumbai, Shroff Publishers & Distributors _c1999 |
||
| 300 | _axx,703 | ||
| 942 |
_cTB _hD658(2:55) N9 |
||
| 999 |
_c1287168 _d1287168 |
||